[Event "SR 3. liga A2 2008/2009"]
[Site "?"]
[Date "2009.03.08"]
[Round "9.3"]
[White "Kolesar, Rastislav"]
[Black "Hagara, Vladimir"]
[Result "1/2-1/2"]
[WhiteElo "1978"]
[BlackElo "1969"]
[PlyCount "90"]
[EventDate "2008.??.??"]

1. e4 c5 2. Nf3 d6 3. d4 cxd4 4. Nxd4 Nf6 5. Nc3 a6 6. Bc4 e6 7. O-O Be7 8. a3
O-O 9. Qe2 Nbd7 10. b4 Qc7 11. Bb2 b5 12. Bb3 Nb6 13. a4 bxa4 14. Nxa4 Nxa4 15.
Rxa4 Bb7 16. f3 d5 17. exd5 Nxd5 18. Nxe6 Qb6+ 19. Nc5 Bxc5+ 20. bxc5 Qxc5+ 21.
Bd4 Qc7 22. Rc4 Qd7 23. Qe5 f6 24. Qg3 Rac8 25. Rxc8 Qxc8 26. Rd1 Kh8 27. Bxd5
Bxd5 28. Bxf6 Rxf6 29. Rxd5 Rc6 30. Qg5 Rf6 31. Qd2 Rf8 32. Qd3 h6 33. c4 Re8
34. Rd7 Qb8 35. Qc3 Qb1+ 36. Kf2 Qg6 37. c5 Rc8 38. g4 Rc6 39. h4 a5 40. h5 Qg5
41. Qd3 Qxc5+ 42. Kg3 Qg1+ 43. Kh3 Qh1+ 44. Kg3 Qg1+ 45. Kh3 Qh1+ 1/2-1/2

[Event "SR 3. liga A2 2008/2009"]
[Site "?"]
[Date "2009.03.08"]
[Round "9.4"]
[White "Bahna, Jan"]
[Black "Ujhelyi, Matus"]
[Result "1/2-1/2"]
[WhiteElo "1935"]
[BlackElo "1926"]
[PlyCount "53"]
[EventDate "2008.??.??"]

1. e4 e6 2. d4 d5 3. Nd2 dxe4 4. Nxe4 Nd7 5. Nf3 Ngf6 6. Nxf6+ Nxf6 7. Be2 Be7
8. O-O O-O 9. b3 c5 10. Bb2 Qc7 11. c4 b6 12. dxc5 Rd8 13. Qc2 Qxc5 14. Rad1
Bb7 15. Rd4 Rxd4 16. Bxd4 Qc6 17. Rd1 Rd8 18. Bxf6 Bxf6 19. Rxd8+ Bxd8 20. Qd2
Bf6 21. Ne1 Qc7 22. Bf3 g6 23. Bxb7 Qxb7 24. Qf4 Kg7 25. Nf3 Qd7 26. Qd2 Qc6
27. h3 1/2-1/2

[Event "SR 3. liga A2 2008/2009"]
[Site "?"]
[Date "2009.03.08"]
[Round "9.5"]
[White "Takacs, Laszlo"]
[Black "Holicky, Miroslav"]
[Result "1-0"]
[WhiteElo "1726"]
[BlackElo "1872"]
[PlyCount "107"]
[EventDate "2008.??.??"]

1. e4 a6 2. d4 b5 3. Nf3 Bb7 4. Bd3 Nf6 5. Nbd2 e6 6. O-O c5 7. c3 Be7 8. e5
Nd5 9. Ne4 d6 10. Re1 dxe5 11. dxe5 h6 12. Bd2 c4 13. Bb1 Qc7 14. Nd4 Nd7 15.
a4 b4 16. cxb4 Nxb4 17. Bf4 Bxe4 18. Bxe4 Rd8 19. Qh5 Nc5 20. Rad1 Nbd3 21.
Bxd3 Rxd4 22. Bc2 Rxf4 23. g3 Rf5 24. Bxf5 exf5 25. Qxf5 O-O 26. Rd4 Ne6 27.
Rg4 Rb8 28. Rc1 Rb4 29. Qc2 Bg5 30. Re1 a5 31. h4 Be7 32. Rge4 Qc6 33. b3 c3
34. R4e3 Nd4 35. Qxc3 Qxc3 36. Rxc3 Nxb3 37. Rc7 Bc5 38. e6 fxe6 39. Rxe6 Rb8
40. Rg6 Bd4 41. Kg2 Be5 42. Ra7 Bf6 43. g4 Rb4 44. h5 Bd4 45. Ra8+ Kf7 46. Rc6
Rb6 47. Ra7+ Kg8 48. Rc8+ Kh7 49. Raa8 g6 50. Rc7+ Bg7 51. Raa7 gxh5 52. Rxg7+
Kh8 53. gxh5 Nc5 54. Rgc7 1-0

[Event "SR 3. liga A2 2008/2009"]
[Site "?"]
[Date "2009.03.08"]
[Round "9.6"]
[White "Svoboda, Adam"]
[Black "Kahancova, Ivana"]
[Result "1-0"]
[WhiteElo "1815"]
[BlackElo "1700"]
[PlyCount "69"]
[EventDate "2008.??.??"]

1. e4 e6 2. d4 d5 3. Nc3 Nf6 4. e5 Nfd7 5. Nce2 c5 6. c3 Nc6 7. Nf3 Be7 8. g3
cxd4 9. cxd4 f6 10. Nf4 Nb6 11. Bh3 f5 12. Bg2 Nc4 13. O-O O-O 14. b3 Nb6 15.
Be3 Bd7 16. h4 Qe8 17. Ng5 Bxg5 18. hxg5 Nc8 19. Bf3 N8e7 20. Bh5 g6 21. Be2
Kg7 22. Kg2 h6 23. gxh6+ Kxh6 24. Nxe6+ Kh7 25. Nxf8+ Qxf8 26. Rh1+ Kg8 27. Rh6
Rc8 28. Qh1 Kf7 29. Bh5 Be8 30. Qh4 Ke6 31. Qg5 Qg7 32. g4 Kd7 33. gxf5 Nxf5
34. Bxg6 Nxh6 35. Bxe8+ 1-0

[Event "SR 3. liga A2 2008/2009"]
[Site "?"]
[Date "2009.03.08"]
[Round "9.7"]
[White "Kahancova, Jana"]
[Black "Herega, Jozef"]
[Result "1-0"]
[WhiteElo "1605"]
[BlackElo "1880"]
[PlyCount "107"]
[EventDate "2008.??.??"]

1. e4 c5 2. Nf3 g6 3. d4 cxd4 4. Nxd4 Bg7 5. Nc3 d6 6. Be2 Nf6 7. Bg5 Nbd7 8.
O-O O-O 9. Qd2 Nc5 10. Bf3 Bd7 11. Rfe1 Rc8 12. Rad1 Ng4 13. Bxg4 Bxg4 14. f3
Be6 15. a3 Bc4 16. Kh1 Ne6 17. Be3 a6 18. Qf2 Nxd4 19. Bxd4 Bxd4 20. Qxd4 Qc7
21. Qd2 Be6 22. Rc1 Qa5 23. Qe3 Rc7 24. Red1 Rfc8 25. Rd2 Rxc3 26. bxc3 Rxc3
27. Rd3 Rc5 28. Qd2 Qb6 29. Qd1 Qb2 30. h3 b5 31. Qd2 a5 32. Qd1 a4 33. Rb1
Qxc2 34. Qxc2 Rxc2 35. Rxb5 Bb3 36. Rb7 Kf8 37. Ra7 h5 38. Rd4 Ke8 39. Rb4 Rc8
40. Rbb7 e5 41. Re7+ Kf8 42. Red7 Rc6 43. Ra8+ Kg7 44. Rad8 Kf6 45. Rxd6+ Rxd6
46. Rxd6+ Kg5 47. Kg1 h4 48. Kf2 Kf4 49. Rd8 Ba2 50. Ra8 Bb3 $11 51. Rh8 g5 52.
Rh6 f5 53. Rf6 Be6 54. Rxe6 1-0

[Event "SR 3. liga A2 2008/2009"]
[Site "?"]
[Date "2009.03.08"]
[Round "9.8"]
[White "Babirat, Michal"]
[Black "Mezei, Tibor"]
[Result "1-0"]
[WhiteElo "1588"]
[BlackElo "1640"]
[PlyCount "103"]
[EventDate "2008.??.??"]

1. c4 e6 2. g3 Nf6 3. Bg2 c6 4. Nc3 d5 5. cxd5 exd5 6. d4 h6 7. Nf3 Bf5 8. O-O
Na6 9. Bf4 Bd6 10. Bxd6 Qxd6 11. a3 O-O 12. b4 Ne4 13. Rc1 Nxc3 14. Rxc3 Nc7
15. e3 Qf6 16. a4 Bg4 17. h3 Bh5 18. g4 Bg6 19. Ne5 Rfd8 20. b5 Rac8 21. bxc6
Ne8 22. Qc1 b6 23. Qa3 Qe6 24. a5 Nd6 25. Qa2 Nc4 26. Nxc4 dxc4 27. axb6 axb6
28. Qa6 Be4 29. Bxe4 Qxe4 30. Qxb6 Rd6 31. Rxc4 Rdxc6 32. Rxc6 Rxc6 33. Qb8+
Kh7 34. Qb1 Qxb1 35. Rxb1 Kg6 36. Kg2 f5 37. Kg3 Kf6 38. Rb5 g6 39. gxf5 gxf5
40. Kf4 Rc2 41. Rxf5+ Kg6 42. Ke4 Ra2 43. h4 Rb2 44. h5+ Kg7 45. d5 Rb8 46. d6
Rb7 47. Ke5 Ra7 48. Ke6 Kh7 49. Rf7+ Rxf7 50. Kxf7 Kh8 51. d7 Kh7 52. f3 1-0

[Event "SR 3. liga A2 2008/2009"]
[Site "?"]
[Date "2009.03.08"]
[Round "9.1"]
[White "Hecko, Dusan"]
[Black "Sekera, Branislav"]
[Result "1/2-1/2"]
[WhiteElo "2160"]
[BlackElo "2138"]
[PlyCount "61"]
[EventDate "2008.??.??"]

1. d4 d5 2. Nf3 Nf6 3. Bf4 e6 4. e3 Be7 5. Nbd2 O-O 6. Bd3 Nbd7 7. O-O Nh5 8.
Bg3 f5 9. Be5 g6 10. c4 c6 11. cxd5 exd5 12. h3 Nxe5 13. Nxe5 Be6 14. f4 Ng7
15. Rc1 Rc8 16. Nb3 Bd6 17. Rf2 Qe7 18. Rfc2 Rc7 19. a3 Nh5 20. Nc5 Bc8 21. b4
a6 22. Be2 Nf6 23. Bf3 Ne4 24. Qe1 Qg7 25. g3 g5 26. Rg2 Kh8 27. Rcc2 Qh6 28.
Rh2 Rg7 29. Rcg2 Qf6 30. Ncd3 Qe7 31. h4 $11 1/2-1/2

[Event "SR 3. liga A2 2008/2009"]
[Site "?"]
[Date "2009.03.08"]
[Round "9.2"]
[White "Sturdik, Igor"]
[Black "Diviak, Rastislav"]
[Result "1/2-1/2"]
[WhiteElo "2022"]
[BlackElo "2022"]
[PlyCount "80"]
[EventDate "2008.??.??"]

1. e4 d6 2. d4 Nf6 3. Nc3 g6 4. Be3 Bg7 5. Qd2 c6 6. f3 b5 7. a3 Nbd7 8. Nge2
Qc7 9. Bh6 Bxh6 10. Qxh6 a6 11. O-O-O c5 12. Kb1 $11 b4 13. axb4 cxb4 14. Na2
a5 15. Nec1 Ba6 16. Bxa6 Rxa6 17. Rhe1 e5 18. dxe5 dxe5 19. Re2 Ke7 20. Qe3 Rc8
21. g4 Rc6 22. Qf2 Nc5 23. g5 Nh5 24. Red2 Nf4 25. Qe3 Nfe6 26. Ne2 Qb7 27.
Nac1 Rd8 28. Rxd8 Nxd8 29. Rd5 Qc7 30. f4 exf4 31. Nxf4 Nce6 32. Nxe6 Nxe6 33.
Rd2 Nc5 34. Nd3 Nxd3 35. Qxd3 Rd6 36. Qe3 Rxd2 37. Qxd2 Qe5 38. Qe3 Kf8 39. h4
Kg7 40. Ka2 Qe6+ 1/2-1/2

[Event "SR 3. liga A2 2008/2009"]
[Site "?"]
[Date "2009.03.08"]
[Round "9.3"]
[White "Hanzluvka, Peter"]
[Black "Lukac, Tomas"]
[Result "1/2-1/2"]
[WhiteElo "2038"]
[BlackElo "1824"]
[PlyCount "56"]
[EventDate "2008.??.??"]

1. e4 e6 2. d4 d5 3. e5 c5 4. c3 Nc6 5. Nf3 Bd7 6. Be2 Nge7 7. Na3 cxd4 8. cxd4
Nf5 9. Nc2 Qb6 10. O-O Rc8 11. b3 Nb4 12. Nxb4 Bxb4 13. Bb2 Bb5 14. a3 Bxe2 15.
Qxe2 Be7 16. Qd3 O-O 17. Rfc1 Rc6 18. Rxc6 Qxc6 19. Rc1 Qd7 20. Qc3 Rb8 21. g4
Nh4 22. Nxh4 Bxh4 23. f4 Be7 24. a4 f6 25. Kg2 Qc6 26. Qa5 Qa6 27. Qd2 Qb6 28.
Qc2 Qc6 $11 1/2-1/2

[Event "SR 3. liga A2 2008/2009"]
[Site "?"]
[Date "2009.03.08"]
[Round "9.4"]
[White "Lopatievov, Alexander"]
[Black "Karlik, Lukas"]
[Result "1/2-1/2"]
[WhiteElo "2020"]
[BlackElo "1841"]
[PlyCount "69"]
[EventDate "2008.??.??"]

1. c4 c6 2. e4 d5 3. cxd5 cxd5 4. Nf3 dxe4 5. Qa4+ Bd7 6. Qxe4 Bc6 7. Qe3 Nf6
8. Nc3 g6 9. Bc4 e6 10. O-O Bg7 11. Ne5 O-O 12. Nxc6 Nxc6 13. d3 Nd4 14. Qd2 a6
15. a3 b5 16. Ba2 Ng4 17. h3 Ne5 18. f4 Qb6 19. Kh1 Nec6 20. Qf2 b4 21. axb4
Nxb4 22. Bc4 Qc6 23. Bd2 Nf5 24. Qf3 Qxf3 25. Rxf3 a5 26. Rb1 Rfd8 27. Nb5 Rac8
28. Bxb4 axb4 29. b3 h5 30. g4 Nh6 31. Rg1 Ra8 32. Rf2 Ra5 33. Rfg2 h4 34. Re2
Kf8 35. Rf1 1/2-1/2

[Event "SR 3. liga A2 2008/2009"]
[Site "?"]
[Date "2009.03.08"]
[Round "9.5"]
[White "Diviak, Rudolf"]
[Black "Kozinka, Roman"]
[Result "0-1"]
[WhiteElo "1894"]
[BlackElo "2012"]
[PlyCount "70"]
[EventDate "2008.??.??"]

1. e4 c5 2. Nf3 d6 3. d4 cxd4 4. Nxd4 Nf6 5. Nc3 a6 6. Bc4 e6 7. Bb3 Be7 8. Be3
Qc7 9. Qe2 b5 10. O-O-O b4 11. Na4 Bd7 12. f3 Nc6 13. g4 h6 14. h4 Rb8 15. g5
Nh5 16. Rdg1 Nxd4 17. Bxd4 Nf4 18. Qxa6 Bb5 19. Qa7 Qxa7 20. Bxa7 Ra8 21. Be3
Ne2+ 22. Kd1 Nxg1 23. Nb6 Ra6 24. Rxg1 hxg5 25. hxg5 Rh3 26. g6 Rxf3 27. gxf7+
Kxf7 28. Bd4 Bf6 29. Bxf6 Kxf6 30. Nc4 g5 31. e5+ dxe5 32. Nd2 Re3 33. c4 bxc3
34. bxc3 Be2+ 35. Kc2 g4 0-1

[Event "SR 3. liga A2 2008/2009"]
[Site "?"]
[Date "2009.03.08"]
[Round "9.6"]
[White "Zarecky, Eduard"]
[Black "Danada, Ondrej"]
[Result "1-0"]
[WhiteElo "1948"]
[BlackElo "1891"]
[PlyCount "96"]
[EventDate "2008.??.??"]

1. d4 Nf6 2. c4 g6 3. Nf3 Bg7 4. Nc3 d5 5. e3 O-O 6. cxd5 Nxd5 7. Be2 c5 8. Qb3
Nxc3 9. bxc3 cxd4 10. cxd4 Nc6 11. Bd2 Na5 12. Qa3 Nc6 13. Rd1 Be6 14. O-O Bd5
15. Bc3 Re8 16. Nd2 f5 17. Bc4 Bxc4 18. Nxc4 Qd5 19. Nd2 b5 20. Ba1 b4 21. Qa6
Na5 22. Rc1 Nb7 23. Rc7 Nd6 24. Rfc1 Qb5 25. R1c6 Qxa6 26. Rxa6 Rec8 27. Rxc8+
Rxc8 28. Nb3 Ne4 29. f3 Nd2 30. Nc5 e5 31. Kf2 f4 32. Ke2 fxe3 33. Kxe3 exd4+
34. Bxd4 Re8+ 35. Ne6 Bxd4+ 36. Kxd4 b3 37. axb3 Nxb3+ 38. Kd5 Re7 39. Ra3 Nd2
40. Rc3 Kf7 41. Ng5+ Kf6 42. h4 h6 43. Rc6+ Kf5 44. Nh3 Re5+ 45. Kd4 Re6 46.
Rc7 a6 47. g4+ Kf6 48. g5+ hxg5 1-0

[Event "SR 3. liga A2 2008/2009"]
[Site "?"]
[Date "2009.03.08"]
[Round "9.7"]
[White "Pagerka, Slavomir"]
[Black "Mackovic, Miroslav"]
[Result "1/2-1/2"]
[WhiteElo "1848"]
[BlackElo "1972"]
[PlyCount "123"]
[EventDate "2008.??.??"]

1. e4 c5 2. Nf3 d6 3. d4 cxd4 4. Nxd4 Nf6 5. Nc3 a6 6. Be2 e6 7. Be3 Be7 8. O-O
O-O 9. Qd2 b5 10. a3 Bb7 11. f3 d5 12. exd5 Nxd5 13. Nxd5 Bxd5 14. Rad1 Qc7 15.
Bf2 Rd8 16. Qc1 Nd7 17. Be3 Rac8 18. Rd2 Nb6 19. b3 Bc5 20. Qe1 Bxa3 21. Qf2
Bc5 22. Rfd1 g6 23. c3 e5 24. Nc2 Bxe3 25. Qxe3 Bxb3 26. Rxd8+ Rxd8 27. Rxd8+
Qxd8 28. Nb4 f6 29. Nxa6 Bc4 30. Nb4 Na4 31. Bxc4+ bxc4 32. Qc1 Nc5 33. Qc2 f5
34. Qa2 Qd1+ 35. Kf2 Nd3+ 36. Nxd3 Qxd3 37. Qa8+ Kg7 38. Qb7+ Kh6 39. Qb2 Kh5
40. h3 f4 41. Qc1 g5 42. Qb2 Kh4 43. Kg1 Qd1+ 44. Kh2 Qe1 45. Qc2 h5 46. Qb2 g4
47. fxg4 hxg4 48. hxg4 Kxg4 49. Qb4 Qe4 50. Qb2 f3 51. gxf3+ Qxf3 52. Qc2 e4
53. Kg1 Kf4 54. Qb2 Ke3 55. Qb6+ Kd3 56. Qd4+ Kc2 57. Qxc4 Qd1+ 58. Kf2 Qf3+
59. Kg1 Qg4+ 60. Kh1 e3 61. Qa4+ Kxc3 62. Qa3+ 1/2-1/2

[Event "SR 3. liga A2 2008/2009"]
[Site "?"]
[Date "2009.03.08"]
[Round "9.8"]
[White "Gajarsky, Julius"]
[Black "Pericka, Pavol"]
[Result "1-0"]
[WhiteElo "1807"]
[BlackElo "1735"]
[PlyCount "111"]
[EventDate "2008.??.??"]

1. d4 d5 2. c4 c6 3. Nf3 Nf6 4. e3 Bg4 5. h3 Bh5 6. Be2 Nbd7 7. O-O dxc4 8.
Bxc4 e5 9. dxe5 Bxf3 10. Qxf3 Nxe5 11. Qe2 Nxc4 12. Qxc4 Be7 13. Nd2 O-O 14.
Nf3 Qc7 15. b3 Rad8 16. Bb2 Rd5 17. Rad1 Rfd8 18. Rxd5 Rxd5 19. e4 Rc5 20. Qe2
Qf4 21. Re1 Ra5 22. Bc3 Rh5 23. Bd2 Qc7 24. e5 Nd5 25. g4 Rxh3 26. Kg2 Rxf3 27.
Qxf3 Qd7 28. Qe4 Qe6 29. Kg3 f6 30. exf6 Qxe4 31. Rxe4 Bxf6 32. Re8+ Kf7 33.
Re4 a6 34. f4 g6 35. Kf3 Bb2 36. a4 Bg7 37. Re2 Bd4 38. Rh2 Kg7 39. Ke4 Ba1 40.
Be3 Nf6+ 41. Kf3 Bc3 42. g5 Nd5 43. Ke4 Ba1 44. Rh4 Ne7 45. Rh1 Bb2 46. Bd4+
Bxd4 47. Kxd4 Nd5 48. Ke5 a5 49. Rc1 Nb4 50. Rd1 Nd5 51. Rxd5 cxd5 52. Kxd5 h5
53. gxh6+ Kxh6 54. Ke6 Kh5 55. f5 gxf5 56. Kxf5 1-0

[Event "SR 3. liga A2 2008/2009"]
[Site "?"]
[Date "2009.03.08"]
[Round "9.1"]
[White "Hudacek, Josef"]
[Black "Ivan, Imrich ml"]
[Result "1/2-1/2"]
[WhiteElo "2065"]
[BlackElo "2049"]
[PlyCount "86"]
[EventDate "2008.??.??"]

1. e4 e6 2. d3 c5 3. g3 b6 4. Bg2 Bb7 5. Ne2 d5 6. O-O dxe4 7. dxe4 Qxd1 8.
Rxd1 Na6 9. a3 Rd8 10. Rxd8+ Kxd8 11. Nbc3 Nc7 12. Bf4 Bc6 13. b4 Nf6 14. f3
Be7 15. Rd1+ Kc8 16. Bd6 Bxd6 17. Rxd6 Kb7 18. bxc5 bxc5 19. Nc1 Nb5 20. Nxb5
Bxb5 21. Nb3 Kc7 22. Rd2 Nd7 23. f4 a5 24. e5 a4 25. Na5 Nb6 26. Rd6 Rd8 27.
Rxd8 Kxd8 28. Nb7+ Kc7 29. Nxc5 Nc4 30. Bf1 Nxa3 31. Bxb5 Nxb5 32. Nxa4 Kc6 33.
Kf2 Na3 34. c3 Kb5 35. Nb2 Nb1 36. Nd1 Kc4 37. Ke3 Nxc3 38. Nxc3 Kxc3 39. g4
Kc4 40. Ke4 g6 41. h4 Kc5 42. h5 Kc4 43. hxg6 hxg6 1/2-1/2

[Event "SR 3. liga A2 2008/2009"]
[Site "?"]
[Date "2009.03.08"]
[Round "9.2"]
[White "Csefalvay, Stefan"]
[Black "Kapusta, Petr"]
[Result "0-1"]
[WhiteElo "1965"]
[BlackElo "2084"]
[PlyCount "96"]
[EventDate "2008.??.??"]

1. d4 Nf6 2. Nf3 g6 3. Nc3 d5 4. g3 Bg7 5. Bg2 O-O 6. O-O c6 7. Re1 Bf5 8. Nh4
Nbd7 9. Nxf5 gxf5 10. Bh3 e6 11. b3 c5 12. e3 Rc8 13. Bb2 a6 14. Bf1 Ne4 15.
Nxe4 fxe4 16. c4 Qg5 17. Rc1 Rfd8 18. cxd5 exd5 19. Qd2 Qf5 20. Bg2 cxd4 21.
Bxd4 Bxd4 22. exd4 Nf6 23. h3 Ne8 24. Qb4 Qd7 25. Qd2 Ng7 26. Qg5 Qd6 27. h4 h6
28. Qd2 Nf5 29. Rxc8 Rxc8 30. Rc1 Rxc1+ 31. Qxc1 Qc6 32. Qc5 Qxc5 33. dxc5 Ne7
34. Kf1 f5 35. Ke2 Kf7 36. Ke3 Ke6 37. f3 Ke5 38. f4+ Ke6 39. Kd4 Nc6+ 40. Kc3
d4+ 41. Kc4 d3 42. Bf1 Ne7 43. a3 Nd5 44. Kd4 Nf6 45. Ke3 Kd5 46. b4 Ng4+ 47.
Kd2 Kd4 48. Bh3 e3+ 0-1

[Event "SR 3. liga A2 2008/2009"]
[Site "?"]
[Date "2009.03.08"]
[Round "9.3"]
[White "Kubis, Ivan"]
[Black "Vizvari, Ludovit"]
[Result "1/2-1/2"]
[WhiteElo "2042"]
[BlackElo "2039"]
[PlyCount "39"]
[EventDate "2008.??.??"]

1. e4 c5 2. Nf3 e6 3. d4 cxd4 4. Nxd4 a6 5. Bd3 Nf6 6. O-O Qc7 7. c4 Nc6 8.
Nxc6 dxc6 9. Nc3 e5 10. h3 Be6 11. Qe2 Bc5 12. Na4 Bd4 13. Be3 Bxe3 14. Qxe3
Nd7 15. c5 O-O 16. f4 exf4 17. Rxf4 Ne5 18. Be2 Rad8 19. b3 Qa5 20. Qc3 $11
1/2-1/2

[Event "SR 3. liga A2 2008/2009"]
[Site "?"]
[Date "2009.03.08"]
[Round "9.4"]
[White "Szitasi, Janos"]
[Black "Londin, Martin"]
[Result "1/2-1/2"]
[WhiteElo "1972"]
[BlackElo "1996"]
[PlyCount "87"]
[EventDate "2008.??.??"]

1. e4 e5 2. Nf3 Nc6 3. Bb5 Nd4 4. Nxd4 exd4 5. Bc4 d6 6. O-O Be6 7. Qe2 Qg5 8.
Bxe6 fxe6 9. Qc4 O-O-O 10. Qxd4 Kb8 11. d3 Qf6 12. Qxf6 gxf6 13. Nc3 h5 14. Be3
Rd7 15. Rae1 Ne7 16. f4 f5 17. Bd4 Rh6 18. Rf3 c5 19. Bf2 Bg7 20. Nd1 b6 21. c3
d5 22. e5 Ng6 23. d4 c4 24. g3 Bf8 25. Ne3 Rg7 26. Kf1 b5 27. Rc1 a5 28. Ke2
Ne7 29. Nf1 Rhg6 30. Nd2 Nc6 31. b3 Rb7 32. Ra1 Ba3 33. Rb1 Rgg7 34. Kd1 Bf8
35. h4 Rgc7 36. bxc4 bxc4 37. Kc2 a4 38. Be3 Na7 39. Rxb7+ Rxb7 40. Nb1 Nb5 41.
Bc1 Ka7 42. Re3 Ka6 43. Rf3 Ka5 44. Rf2 1/2-1/2

[Event "SR 3. liga A2 2008/2009"]
[Site "?"]
[Date "2009.03.08"]
[Round "9.5"]
[White "Vepy, Ivan"]
[Black "Vegh, Vince"]
[Result "0-1"]
[WhiteElo "1941"]
[BlackElo "1917"]
[PlyCount "86"]
[EventDate "2008.??.??"]

1. e4 c5 2. Nf3 Nc6 3. d4 cxd4 4. Nxd4 e5 5. Nb3 Nf6 6. Nc3 Be7 7. Bg5 O-O 8.
Be2 Nxe4 9. Bxe7 Nxc3 10. Bxd8 Nxd1 11. Rxd1 Rxd8 12. O-O d5 13. c3 a6 14. Rd2
b6 15. Rfd1 Ne7 16. Bf3 Bb7 17. c4 Rd6 18. c5 bxc5 19. Nxc5 Bc6 20. b4 f5 21.
a4 d4 22. Be2 Nd5 23. Bc4 Kf8 24. Rb2 Nc3 25. Ra1 g6 26. Kf1 e4 27. Ra3 Ke7 28.
Bxa6 Bxa4 29. Bc4 Bc6 30. Rxa8 Bxa8 31. b5 Rb6 32. Nb3 d3 33. Ke1 Kd6 34. Nd2
Kc5 35. Bg8 h6 36. Nc4 Rxb5 37. Rxb5+ Nxb5 38. Ne5 Kd4 39. Nxg6 e3 40. fxe3+
Kxe3 41. Bb3 Bxg2 42. Kd1 d2 43. Kc2 Nd4+ 0-1

[Event "SR 3. liga A2 2008/2009"]
[Site "?"]
[Date "2009.03.08"]
[Round "9.6"]
[White "Varkonyi, Miklos"]
[Black "Vogl, Zdenek"]
[Result "1/2-1/2"]
[WhiteElo "1746"]
[BlackElo "1885"]
[PlyCount "107"]
[EventDate "2008.??.??"]

1. e4 e5 2. Nf3 Nc6 3. Bb5 a6 4. Ba4 Nf6 5. O-O b5 6. Bb3 Be7 7. Re1 O-O 8. c3
d6 9. h3 Na5 10. Bc2 c5 11. d4 Nc6 12. Be3 h6 13. Nbd2 Re8 14. Nf1 Bf8 15. Ng3
Bd7 16. d5 Ne7 17. Nh2 Ng6 18. Nh5 Nxh5 19. Qxh5 Qh4 20. Qxh4 Nxh4 21. Bd1 f5
22. g3 Ng6 23. exf5 Bxf5 24. Bg4 Bxg4 25. Nxg4 Be7 26. a4 h5 27. Nh2 Bf6 28.
Nf3 Reb8 29. Re2 Ne7 30. Rd2 Nc8 31. a5 b4 32. c4 Ne7 33. Bg5 Kf7 34. Re1 Nf5
35. Kg2 Re8 36. Bxf6 gxf6 37. Rde2 Rac8 38. b3 Re7 39. g4 Rg8 40. Re4 hxg4 41.
Rxg4 Rxg4+ 42. hxg4 Nd4 43. Nd2 Re8 44. Rh1 Rg8 45. Rh7+ Rg7 46. Rxg7+ Kxg7 47.
Kg3 Kg6 48. f3 f5 49. gxf5+ Nxf5+ 50. Kg4 Nd4 51. f4 exf4 52. Kxf4 Kf7 53. Ke3
Kf6 54. Kf4 1/2-1/2

[Event "SR 3. liga A2 2008/2009"]
[Site "?"]
[Date "2009.03.08"]
[Round "9.7"]
[White "Vach, Jozef"]
[Black "Bogi, Timea"]
[Result "1/2-1/2"]
[WhiteElo "1917"]
[BlackElo "1553"]
[Annotator ",Jozef"]
[PlyCount "84"]
[EventDate "2008.??.??"]

1. e4 e5 2. Nf3 Nc6 3. Bb5 Bc5 4. c3 Nge7 5. d4 exd4 6. cxd4 Bb4+ 7. Bd2 Bxd2+
8. Qxd2 O-O 9. d5 a6 10. Ba4 Na7 11. Nc3 d6 12. O-O Bd7 13. Bc2 Nb5 14. Rfe1
Ng6 15. e5 dxe5 16. Nxe5 Nxe5 17. Rxe5 g6 18. Qh6 Qf6 19. Qe3 Rfe8 20. f4 Nxc3
21. bxc3 c6 22. Qd4 Qd6 23. c4 c5 24. Qc3 b5 25. Rae1 bxc4 26. Qxc4 Bb5 27. Qc3
Rxe5 28. fxe5 Qb6 29. Qe3 Bc4 30. Rb1 Qd8 31. Qxc5 Qxd5 $11 32. Qxd5 Bxd5 33.
a3 Re8 34. Re1 f6 35. Kf2 fxe5 36. Bd3 a5 37. g3 Kf7 38. Bb5 Rb8 39. a4 Ke6 40.
Rc1 Kd6 41. Ke3 Rf8 42. Ke2 e4 1/2-1/2

[Event "SR 3. liga A2 2008/2009"]
[Site "?"]
[Date "2009.03.08"]
[Round "9.8"]
[White "Bogi, Peter"]
[Black "Hrubsa, Marian"]
[Result "0-1"]
[WhiteElo "1547"]
[BlackElo "1909"]
[PlyCount "114"]
[EventDate "2008.??.??"]

1. e4 e6 2. d4 d5 3. e5 c5 4. c3 Nc6 5. Nf3 Qb6 6. Be2 cxd4 7. Nxd4 Nxe5 8. O-O
Nf6 9. Nb3 Bd6 10. Be3 Qc7 11. g3 O-O 12. N1d2 b6 13. Rc1 Bb7 14. f3 Ng6 15.
Qe1 e5 16. Rc2 Qd7 17. Bg5 Qf5 18. Bxf6 Qxc2 19. Bg5 Qf5 20. Be3 Rac8 21. g4
Qe6 22. h4 Be7 23. Qg3 Bxh4 24. Qh3 Rfe8 25. Bd3 Be7 26. Bf5 Qc6 27. Bxc8 Rxc8
28. Kf2 Bc5 29. Nxc5 bxc5 30. Nb3 d4 31. cxd4 cxd4 32. Bd2 Qc2 33. Kg3 Qxb2 34.
Rh1 Nf8 35. Bb4 Qe2 36. Nd2 Qd3 37. Qh5 f6 38. g5 Qg6 39. Qxg6 hxg6 40. gxf6
gxf6 41. Rb1 Bd5 42. a3 Ne6 43. Ne4 Bxe4 44. fxe4 Rb8 45. Re1 a5 46. Bd6 Rb3+
47. Kf2 Nf4 48. Kf1 Rb2 49. Bc7 a4 50. Ba5 g5 51. Rd1 Kg7 52. Bd2 Ne6 53. Kf2
Nc5 54. Kf3 Rb3+ 55. Kg4 Nxe4 56. Be1 Kg6 57. Rc1 f5# 0-1

[Event "SR 3. liga A2 2008/2009"]
[Site "?"]
[Date "2009.03.22"]
[Round "10.1"]
[White "Janko, Ladislav"]
[Black "Hudacek, Josef"]
[Result "1-0"]
[WhiteElo "2258"]
[BlackElo "2065"]
[PlyCount "95"]
[EventDate "2008.??.??"]

1. e4 e5 2. Nf3 Nc6 3. Bb5 a6 4. Ba4 Nf6 5. d3 d6 6. c3 g6 7. Nbd2 Bg7 8. Nf1
O-O 9. Ng3 b5 10. Bb3 Na5 11. Bc2 c5 12. O-O Nc6 13. h3 d5 14. Qe2 Qc7 15. Bg5
dxe4 16. dxe4 h6 17. Bxf6 Bxf6 18. Qe3 Nd8 19. Qxh6 Ne6 20. Ne2 Qe7 21. Qe3 Kg7
22. Rfd1 Rh8 23. Rd2 Ng5 24. Rad1 Be6 25. b3 c4 26. Rd6 a5 27. bxc4 Bxc4 28.
Ng3 Ne6 29. Bb3 Rhc8 30. Rd7 Qa3 31. Bxc4 Rxc4 32. Qb6 Nc5 33. R7d6 Ra6 34.
Qxb5 Rxd6 35. Rxd6 Nxe4 36. Nxe4 Rxe4 37. Rxf6 Qc1+ 38. Kh2 Kxf6 39. Qc6+ Kf5
40. g4+ Rxg4 41. hxg4+ Kf4 42. Qf6+ Kxg4 43. Nxe5+ Kh5 44. Qf3+ Kh6 45. Qxf7
Qg5 46. Qxg6+ Qxg6 47. Nxg6 Kxg6 48. Kg3 1-0

[Event "SR 3. liga A2 2008/2009"]
[Site "?"]
[Date "2009.03.22"]
[Round "10.2"]
[White "Kapusta, Petr"]
[Black "Sulek, Viliam"]
[Result "1-0"]
[WhiteElo "2084"]
[BlackElo "2132"]
[PlyCount "142"]
[EventDate "2008.??.??"]

1. e4 d6 2. d4 Nf6 3. Nc3 g6 4. f4 Bg7 5. Nf3 O-O 6. Bd3 Na6 7. e5 Ne8 8. Be3
c6 9. a3 Nac7 10. O-O b6 11. Qe2 a5 12. Ng5 e6 13. Rae1 Ba6 14. g4 Bxd3 15.
Qxd3 c5 16. exd6 cxd4 17. Bxd4 Bxd4+ 18. Qxd4 Qxd6 19. Qf2 f5 20. Rd1 Qc5 21.
Qxc5 bxc5 22. Na4 h6 23. Nf3 Nd5 24. Rde1 fxg4 25. Ne5 Rxf4 26. Rxf4 Nxf4 27.
Nxg4 h5 28. Ne5 Nf6 29. Nxc5 Rd8 30. Ned3 Nxd3 31. Nxd3 Rd6 32. Re5 a4 33. Ra5
Rd4 34. Ra6 Re4 35. Nc5 Re1+ 36. Kf2 Rc1 37. Nxa4 Rxc2+ 38. Kg3 Rc4 39. b3 Re4
40. Kf3 g5 41. Nc5 Rf4+ 42. Ke2 Rh4 43. Nxe6 Rxh2+ 44. Kf1 g4 45. Nf4 Ne4 46.
Kg1 g3 47. Rg6+ Kf7 48. Rxg3 Rh4 49. Ng2 Rh1+ 50. Kxh1 Nxg3+ 51. Kh2 Ne4 52.
Nf4 Kf6 53. a4 Ke5 54. a5 Kd6 55. b4 Kc6 56. Ne2 Kb5 57. Nd4+ Ka6 58. Kh3 Nd6
59. Kh4 Nb7 60. Nb3 Kb5 61. Kxh5 Nd8 62. Nd4+ Ka6 63. Kg6 Nb7 64. Nb3 Nd6 65.
Kf6 Nc8 66. Nd4 Nd6 67. Ke6 Nb7 68. Nb3 Kb5 69. Kd7 Ka6 70. Nc5+ Ka7 71. Nxb7
Kxb7 1-0

[Event "SR 3. liga A2 2008/2009"]
[Site "?"]
[Date "2009.03.22"]
[Round "10.3"]
[White "Kantor, Reka"]
[Black "Kubis, Ivan"]
[Result "0-1"]
[WhiteElo "1903"]
[BlackElo "2042"]
[PlyCount "56"]
[EventDate "2008.??.??"]

1. e4 e5 2. Nf3 Nc6 3. Bb5 a6 4. Ba4 Nf6 5. O-O b5 6. Bb3 Be7 7. Re1 O-O 8. c3
d5 9. exd5 Nxd5 10. Nxe5 Nxe5 11. Rxe5 c6 12. d4 Bd6 13. Re1 Qh4 14. g3 Qh3 15.
Be3 Bg4 16. Qd3 Rae8 17. Nd2 f5 18. Qf1 Qh5 19. f4 Kh8 20. Bxd5 cxd5 21. Qg2 g5
22. Qxd5 Rd8 23. Qe6 gxf4 24. Bxf4 Bxf4 25. gxf4 Rde8 26. Qd6 Be2 27. Qd5 Rg8+
28. Kh1 Re4 0-1

[Event "SR 3. liga A2 2008/2009"]
[Site "?"]
[Date "2009.03.22"]
[Round "10.4"]
[White "Vepy, Ivan"]
[Black "Kantor, Tamas st"]
[Result "0-1"]
[WhiteElo "1941"]
[BlackElo "2028"]
[PlyCount "34"]
[EventDate "2008.??.??"]

1. e4 c5 2. Nf3 Nc6 3. d4 cxd4 4. Nxd4 Nf6 5. Nc3 e5 6. Nb3 Bb4 7. Bd3 d5 8.
O-O Bxc3 9. bxc3 dxe4 10. Bb5 Qb6 11. Bc4 O-O 12. Bg5 Ne7 13. Rb1 Ng6 14. Nd2
Qc6 15. Bxf6 Qxf6 16. Nxe4 Qh4 17. g3 Qxe4 0-1